|
|
|
|
| LEADER |
01456nam a22003734a 4500 |
| 001 |
35352 |
| 003 |
BD-DhAAL |
| 005 |
20211129161616.0 |
| 008 |
190915t2005 cau b 001 0 eng d |
| 999 |
|
|
|c 41249
|d 41249
|
| 010 |
|
|
|a 2004007967
|
| 020 |
|
|
|a 1412906547 (pbk. : alk. paper)
|
| 020 |
|
|
|a 9781412906548
|
| 020 |
|
|
|a 1412906539 (cloth : alk. paper)
|
| 040 |
|
|
|a DLC
|c DLC
|d DLC
|d BD-DhAAL
|
| 042 |
|
|
|a pcc
|
| 043 |
|
|
|a n-us---
|
| 050 |
0 |
0 |
|a LB1033
|b .D435 2005
|
| 082 |
0 |
0 |
|a 371.1023
|2 22
|
| 100 |
1 |
|
|a Deiro, Judith A.
|9 34598
|
| 245 |
1 |
0 |
|a Teachers do make a difference :
|b the teacher's guide to connecting with students /
|c Judith A. Deiro ; foreword by Bonnie Benard.
|
| 260 |
|
|
|a Thousand Oaks, CA :
|b Corwin Press,
|c c2005.
|
| 300 |
|
|
|a xv, 130 pages ;
|c 26 cm.
|
| 504 |
|
|
|a Includes bibliographical references (pages 123-126) and index.
|
| 526 |
|
|
|a BIED
|
| 541 |
|
|
|a Complimentary copy from BIED
|e 35352
|
| 650 |
|
0 |
|a Teacher-student relationships
|z United States.
|9 34599
|
| 650 |
|
0 |
|a Teachers
|z United States.
|9 34600
|
| 650 |
|
0 |
|a Teaching
|z United States.
|9 34601
|
| 650 |
|
0 |
|a Education.
|9 34602
|
| 700 |
|
|
|a Benard, Bonnie
|9 34603
|
| 852 |
|
|
|a Ayesha Abed Library
|c BIED Collection
|
| 942 |
|
|
|2 ddc
|c BK
|
| 952 |
|
|
|0 0
|1 0
|2 ddc
|4 0
|6 371_102300000000000_DEI
|7 0
|9 66302
|a BRACUL
|b BRACUL
|c GEN
|d 2019-09-15
|e Complimentary copy from BIED
|l 0
|o 371.1023 DEI
|p 3010035352
|r 2019-09-15
|t 1
|w 2019-09-15
|y BK
|x Transferred from BIED to General Stacks
|